000 00277nam a2200121Ia 4500
008 190216s9999||||xx |||||||||||||| ||und||
100 _aJoan Robinson
245 0 _aEssay On Marxian Economics
260 _bMacmillan
_c1966
300 _a103p
650 _aEconomics
942 _cBK
999 _c9154
_d9154